000 00735nam a2200229 a 4500
999 _c3441
_d3441
001 3441
003 BD-JhCC
005 20171113195126.0
008 171113s2007 bg |||| ||a| 00| 0 en d
035 _a(BD-JhCC)3441
040 _aBD-JhCC
_dBD-JhCC
041 _aben
082 _a891.4409
_bSUC 2007
100 _aসুচি, অং সান
245 _aভয় হতে অভয় পথে ও অন্যান্য রচনা /
_cঅং সান সুচি, মফিদুল হক
260 _aঢাকা :
_bসাহিত্য প্রকাশ,
_c2007.
300 _a111 p. :
_c22 cm.
650 _aPolitical essays
700 _aহক, মফিদুল
942 _2ddc
_cBK